000
00219nam a2200097Ia 4500
008
120527s9999 xx 000 0 und d
100
_a
HEATCOTE,P.M
245
_a
'AS' Level ICT.
260
_b
Payne Gallway
942
_c
BK
999
_c
23647
_d
23647